| 000 | 01424nam0a2200325 i 4500 | ||
|---|---|---|---|
| 001 | RU\NLR\BIBL_A\010801699 | ||
| 005 | 20260406145255.0 | ||
| 010 | _a9785170900060 | ||
| 010 |
_a978-5-17-089907-4 _92000 |
||
| 021 |
_aRU _b2015-34547 _92036 |
||
| 035 | _a(NILC)RuMoRGB-007925387 | ||
| 035 | _a(NLR Aleph) 010801699 | ||
| 090 |
_a10163762 _c10163762 |
||
| 100 | _a20150714d2015 u y0rusy50 ca | ||
| 101 | 0 | _arus | |
| 102 | _aRU | ||
| 105 | _aa|||z||||00yy | ||
| 200 | 1 |
_aАнтикризисный опыт дурака _fМирзакарим Норбеков, Геннадий Волков |
|
| 210 |
_aМосква _cАСТ _cВремена _d2015 |
||
| 215 |
_a314, [2] с. _cил. _d20 |
||
| 225 | 1 | _aАнтикризисная книга | |
| 606 |
_aДеньги _jПопулярные издания _xСоциально-психологические исследования _9975665 _3RU\NLR\AUTH\66366636 |
||
| 686 | 1 | _aС550.423я9 | |
| 700 | 1 |
_7ca _8rus _aНорбеков _bМ. С. _cспециалист по нетрадиц. медицине _f1957- _gМирзакарим Санакулович _9114513 _3RU\NLR\AUTH\774534 |
|
| 701 | 1 |
_7ca _8rus _aВолков _bГ. В. _cэкономист, литератор _f1957- _gГеннадий Викторович _916200 _3RU\NLR\AUTH\7733192 |
|
| 801 | 0 |
_aRU _bРГБ _c20150505 _gRCR |
|
| 942 | _cBOOK | ||
| 980 | _aNBR | ||